Coping with Covid-19 in Bangladesh : assessment of relief delivery /

Bibliographic Details
Other Authors: Rahman, Mustafizur, Khan, Towfiqul Islam, Kamal, Muntaseer, Alam, Marfia, Hossain, Md. Sabbir, Sabbih, Mostafa Amir
Format: Book
Language:English
Published: Dhaka : Centre for Policy Dialogue (CPD), c2021.
Subjects:
Classic Catalogue: View this record in Classic Catalogue
LEADER 02216nam a22003497a 4500
001 37664
003 BD-DhAAL
005 20250427141552.0
008 220208t2021 bg d|||| b||| 00| 0 eng d
040 |a BD-DhAAL  |c BD-DhAAL 
082 |a 362.1962414  |2 23 
245 |a Coping with Covid-19 in Bangladesh :  |b assessment of relief delivery /  |c Mustafizur Rahman ... [et al.]. 
260 |a Dhaka :  |b Centre for Policy Dialogue (CPD),  |c c2021. 
300 |a xxiv, 135 pages :  |b illustrations ;  |c 22 cm 
504 |a Includes bibliographical references (pages 122-129). 
541 |a Complimentary copy from the Centre for policy Dialogue (CPD)  |e 37664, 37692, 44189, 44190 
650 |a COVID-19 Pandemic, 2020-2023  |x Social aspects  |z Bangladesh.  |9 57895 
650 |a Disaster relief. 
650 |a COVID-19 (Disease). 
700 |a Rahman, Mustafizur  |9 45578 
700 |a Khan, Towfiqul Islam  |9 45588 
700 |a Kamal, Muntaseer  |9 45589 
700 |a Alam, Marfia  |9 45590 
700 |a Hossain, Md. Sabbir  |9 45591 
700 |a Sabbih, Mostafa Amir  |9 45592 
852 |a Ayesha Abed Library  |c General Stacks 
942 |2 ddc  |c BK 
999 |c 43466  |d 43466 
952 |0 0  |1 0  |2 ddc  |4 0  |6 362_196241400000000_COP  |7 0  |9 69735  |a BRACUL  |b BRACUL  |c GEN  |d 2022-02-08  |e Gift from the Centre for Policy Dialogue (CPD)  |l 0  |o 362.1962414 COP  |p 3010037664  |r 2022-02-08  |t 1  |w 2022-02-08  |y BK  |x Gift from the Centre for Policy Dialogue (CPD) 
952 |0 0  |1 0  |2 ddc  |4 0  |6 362_196241400000000_COP  |7 0  |9 69759  |a BRACUL  |b BRACUL  |c GEN  |d 2022-02-13  |e Gift from the Centre for Policy Dialogue (CPD)  |l 0  |o 362.1962414 COP  |p 3010037692  |r 2022-02-13  |t 2  |w 2022-02-13  |y BK  |x Gift from the Centre for Policy Dialogue (CPD) 
952 |0 0  |1 0  |2 ddc  |4 0  |6 362_196241400000000_COP  |7 0  |9 77444  |a BRACUL  |b BRACUL  |c GEN  |d 2025-03-04  |e Complimentary copy from the Centre for Policy Dialogue (CPD)  |l 0  |o 362.1962414 COP  |p 3010044189  |r 2025-03-04  |t 3  |w 2025-03-04  |y BK  |x Complimentary copy from the Centre for Policy Dialogue (CPD) 
952 |0 0  |1 0  |2 ddc  |4 0  |6 362_196241400000000_COP  |7 0  |9 77445  |a BRACUL  |b BRACUL  |c GEN  |d 2025-03-04  |e Complimentary copy from the Centre for Policy Dialogue (CPD)  |l 0  |o 362.1962414 COP  |p 3010044190  |r 2025-03-04  |t 4  |w 2025-03-04  |y BK  |x Complimentary copy from the Centre for Policy Dialogue (CPD)